header

Computational intelligence in software quality assurance (Record no. 138335)

MARC details
000 -LEADER
fixed length control field 01376nam a2200337Ia 4500
082 04 - DEWEY DECIMAL CLASSIFICATION NUMBER
Classification number 005.1
100 1# - MAIN ENTRY--AUTHOR NAME
Personal name Dick, Scott.
245 10 - TITLE STATEMENT
Title Computational intelligence in software quality assurance
260 ## - PUBLICATION, DISTRIBUTION, ETC. (IMPRINT)
Place of publication New Jersey ;
-- London :
Name of publisher World Scientific,
Year of publication c2005.
300 ## - PHYSICAL DESCRIPTION
Number of Pages xvii, 180 p. :
Other physical details ill.
490 1# - SERIES STATEMENT
Series statement Series in machine perception and artificial intelligence ;
650 #0 - SUBJECT ADDED ENTRY--TOPICAL TERM
Topical Term Computational intelligence.
Topical Term Computer software
700 1# - ADDED ENTRY--PERSONAL NAME
Personal name Kandel, Abraham.
856 40 - ELECTRONIC LOCATION AND ACCESS
Uniform Resource Identifier http://site.ebrary.com/lib/rucke/Doc?id=10174104

No items available.

© 2026 Rongo University
Contact us: librarian | system librarian | Rongo university